Near field communications handbook (Record no. 11924)

000 -LEADER
fixed length control field 01718cam a22004217a 4500
001 - CONTROL NUMBER
control field 9391737
005 - DATE AND TIME OF LATEST TRANSACTION
control field 20170105102351.0
006 - FIXED-LENGTH DATA ELEMENTS--ADDITIONAL MATERIAL CHARACTERISTICS
fixed length control field m d
007 - PHYSICAL DESCRIPTION FIXED FIELD--GENERAL INFORMATION
fixed length control field cr n
008 - FIXED-LENGTH DATA ELEMENTS--GENERAL INFORMATION
fixed length control field 120120s2012 flua sbf 001 0 eng d
020 ## - INTERNATIONAL STANDARD BOOK NUMBER
International Standard Book Number 9781420088144 (hbk. : acidfree paper)
035 ## - SYSTEM CONTROL NUMBER
System control number (WaSeSS)ssj0000580953
040 ## - CATALOGING SOURCE
Original cataloging agency UKM
Transcribing agency UKM
Modifying agency YDXCP
-- BTCTA
-- BAKER
-- BWX
-- VGM
-- DLC
-- WaSeSS
042 ## - AUTHENTICATION CODE
Authentication code lccopycat
050 #4 - LIBRARY OF CONGRESS CALL NUMBER
Classification number TK5103.2
Item number .N433 2012
082 04 - DEWEY DECIMAL CLASSIFICATION NUMBER
Classification number 621.3821
Edition number 22
245 00 - TITLE STATEMENT
Title Near field communications handbook
Statement of responsibility, etc. Syed A. Ahson
260 ## - PUBLICATION, DISTRIBUTION, ETC.
Place of publication, distribution, etc. Boca Raton :
Name of publisher, distributor, etc. CRC Press,
Date of publication, distribution, etc. c2012.
300 ## - PHYSICAL DESCRIPTION
Extent xiii, 364 p.
Other physical details ill:,
Dimensions 25 cm.
490 1# - SERIES STATEMENT
Series statement Internet and communications ;
Volume/sequential designation v. 13
500 ## - GENERAL NOTE
General note 1. Communications
504 ## - BIBLIOGRAPHY, ETC. NOTE
Bibliography, etc. note Includes bibliographical references and index.
506 ## - RESTRICTIONS ON ACCESS NOTE
Terms governing access License restrictions may limit access.
650 #0 - SUBJECT ADDED ENTRY--TOPICAL TERM
Topical term or geographic name entry element Near field communication
Form subdivision Handbooks, manuals, etc.
650 #0 - SUBJECT ADDED ENTRY--TOPICAL TERM
Topical term or geographic name entry element Wireless communication systems
Form subdivision Handbooks, manuals, etc.
650 #0 - SUBJECT ADDED ENTRY--TOPICAL TERM
Topical term or geographic name entry element Mobile communication systems
Form subdivision Handbooks, manuals, etc.
700 1# - ADDED ENTRY--PERSONAL NAME
Personal name Ahson, Syed.
700 1# - ADDED ENTRY--PERSONAL NAME
Personal name Ilyas, Mohammad,
Dates associated with a name 1953-
773 #0 - HOST ITEM ENTRY
Title TELECOMMUNICATIONSnetBASE
773 #0 - HOST ITEM ENTRY
Title ENGnetBASE
773 #0 - HOST ITEM ENTRY
Title ELECTRICALENGINEERINGnetBASE
830 #0 - SERIES ADDED ENTRY--UNIFORM TITLE
Uniform title Internet and communications ;
Volume/sequential designation v. 13.
856 40 - ELECTRONIC LOCATION AND ACCESS
Uniform Resource Identifier <a href="http://www.columbia.edu/cgi-bin/cul/resolve?clio9391737.001">http://www.columbia.edu/cgi-bin/cul/resolve?clio9391737.001</a>
Public note Full text available from ELECTRICALENGINEERINGnetBASE
856 40 - ELECTRONIC LOCATION AND ACCESS
Uniform Resource Identifier <a href="http://www.columbia.edu/cgi-bin/cul/resolve?clio9391737.002">http://www.columbia.edu/cgi-bin/cul/resolve?clio9391737.002</a>
Public note Full text available from ENGnetBASE
856 40 - ELECTRONIC LOCATION AND ACCESS
Uniform Resource Identifier <a href="http://www.columbia.edu/cgi-bin/cul/resolve?clio9391737.003">http://www.columbia.edu/cgi-bin/cul/resolve?clio9391737.003</a>
Public note Full text available from TELECOMMUNICATIONSnetBASE
910 ## - USER-OPTION DATA (OCLC)
User-option data Library of Congress record
942 ## - ADDED ENTRY ELEMENTS (KOHA)
Source of classification or shelving scheme
Koha item type Book
Holdings
Withdrawn status Lost status Damaged status Not for loan Collection code Permanent Location Current Location Shelving location Date acquired Source of acquisition Cost, normal purchase price Total Checkouts Full call number Barcode Date last seen Date last checked out Price effective from Koha item type
          Central Library (CL) Central Library (CL) General Stacks 06/04/2013 A&J DEF Tek Consultant 8420.74 2 621.3821 AHS SEECS012425 01/26/2016 10/13/2015 06/14/2013 Book
© 2023 Central Library, National University of Sciences and Technology. All Rights Reserved.